000 00461nam a2200169Ia 4500
003 OSt
005 20260318121242.0
008 211028s2018 xx 000 0 und d
040 _cAIMIT LIBRARY
041 _aeng
100 _aRani, Disha; B, Santhosh.
_g151721
_94945
110 _aSanthosh B.
_94946
245 _aSaint gobain preventive maintenance /
260 _aMangaluru
_c2018
710 _aSaama Technologies India Pvt Ltd
_94947
942 _2ddc
_cPRO
999 _c217741
_d217741